书目信息 |
| 题名: |
逻辑与智慧新编
|
|
| 作者: | 郑伟宏 著 | |
| 分册: | ||
| 出版信息: | 北京 北京大学出版社 2005 |
|
| 页数: | 275页 | |
| 开本: | 23cm | |
| 丛书名: | 逻辑时空丛书 | |
| 单 册: | ||
| 中图分类: | B812-49 | |
| 科图分类: | ||
| 主题词: | 逻辑--通俗读物 , 逻辑 | |
| 电子资源: | ||
| ISBN: | 7-301-09227-X | |
| 000 | 00826oam2 2200265 450 | |
| 001 | 012007065777 | |
| 005 | 20070522180937.26 | |
| 010 | @a7-301-09227-X@dCNY30.00 | |
| 100 | @a20070515d2005 km y0chiy0120 ea | |
| 101 | 0 | @achi |
| 102 | @aCN@b110000 | |
| 105 | @ay z 000yy | |
| 106 | @ar | |
| 200 | 1 | @a逻辑与智慧新编@Aluo ji yu zhi hui xin bian@f郑伟宏著@Fzheng wei hong zhu |
| 210 | @a北京@c北京大学出版社@d2005 | |
| 215 | @a275页@d23cm | |
| 225 | 2 | @a逻辑时空丛书 |
| 330 | @a本书寓逻辑分析于知识介绍之中,或寓言,或掌故,或科学知识,或生活常识,精当自如地阐明了逻辑知识,道出了逻辑的要义。 | |
| 461 | 0 | @12001 @a逻辑时空丛书 |
| 606 | 0 | @a逻辑@j通俗读物 |
| 606 | 0 | @a逻辑 |
| 690 | @aB812-49@v4 | |
| 701 | 0 | @a郑伟宏@Azheng wei hong@f(1948~)@4著 |
| 801 | 0 | @aCN@bRULIN@c20070522 |
| 905 | @dB812-49@e187@s8 | |
| 逻辑与智慧新编/郑伟宏著.-北京:北京大学出版社,2005 |
| 275页;23cm .-(逻辑时空丛书) |
| ISBN 7-301-09227-X:CNY30.00 |
| 本书寓逻辑分析于知识介绍之中,或寓言,或掌故,或科学知识,或生活常识,精当自如地阐明了逻辑知识,道出了逻辑的要义。 |
| ● |
| 相关链接 |
|
|
|
|
正题名:逻辑与智慧新编
索取号:B812-49/187
 
预约/预借
| 序号 | 登录号 | 条形码 | 馆藏地/架位号 | 状态 | 备注 |
| 1 | 0579837 | 205798378 | 第一样本阅览室/ [索取号:B812-49/187] | 在馆 | |
| 2 | 0579838 | 205798387 | 第一借阅区/ [索取号:B812-49/187] | 在馆 | |
| 3 | 0579839 | 205798396 | 第一借阅区/ [索取号:B812-49/187] | 在馆 | |
| 4 | 0579840 | 205798403 | 第一借阅区/ [索取号:B812-49/187] | 在馆 | |
| 5 | 0579841 | 205798412 | 第一借阅区/ [索取号:B812-49/187] | 在馆 | |
| 6 | 0579842 | 205798421 | 教育系资料室/ [索取号:B812-49/187] | 在馆 | |
| 7 | 0579843 | 205798430 | 第一借阅区/ [索取号:B812-49/187] | 在馆 | |
| 8 | 0579844 | 205798449 | 教育系资料室/ [索取号:B812-49/187] | 在馆 |